[Event "Muret op Seniors"]
[Site "Muret"]
[Date "2016.06.24"]
[Round "5"]
[White "Gregory, Daniel"]
[Black "Riviere, Gerard"]
[Result "1-0"]
[WhiteElo "2037"]
[BlackElo "1814"]
[PlyCount "65"]
[EventDate "2016.06.20"]
[EventType "swiss"]
[EventRounds "7"]
[EventCountry "FRA"]
[SourceTitle "EXT 2017"]
[Source "ChessBase"]
[SourceDate "2016.10.25"]
[SourceVersion "1"]
[SourceVersionDate "2016.10.25"]
[SourceQuality "1"]

1. Nf3 c5 2. c4 g6 3. Nc3 Bg7 4. d4 cxd4 5. Nxd4 Nc6 6. Nc2 Nf6 7. Bg5 d6 8. Qd2 h6 9. Bh4 0-0 10. e4 Qa5 11. Be2 e6 12. 0-0 d5 13. Bxf6 Bxf6 14. exd5 exd5 15. cxd5 Ne7 16. Rad1 Rd8 17. Ne3 Bf5 18. Bf3 Kg7 19. Rfe1 g5 20. Qe2 Bg6 21. d6 Nf5 22. Rd5 Bxc3 23. bxc3 Qxc3 24. Nxf5+ Bxf5 25. Rxf5 Rxd6 26. Bd5 Rd7 27. Rb1 Rad8 28. Bb3 f6 29. h3 Qc6 30. Rf3 Rc7 31. Re3 Rdd7 32. Re1 Qc5 33. Re8 1-0

[Event "Muret op Seniors"]
[Site "Muret"]
[Date "2016.06.23"]
[Round "4"]
[White "Peric, Slavisa"]
[Black "Gregory, Daniel"]
[Result "0-1"]
[WhiteElo "2173"]
[BlackElo "2037"]
[PlyCount "72"]
[EventDate "2016.06.20"]
[EventType "swiss"]
[EventRounds "7"]
[EventCountry "FRA"]
[SourceTitle "EXT 2017"]
[Source "ChessBase"]
[SourceDate "2016.10.25"]
[SourceVersion "1"]
[SourceVersionDate "2016.10.25"]
[SourceQuality "1"]

1. d4 Nf6 2. Nf3 g6 3. c4 c5 4. d5 b5 5. cxb5 a6 6. Nc3 axb5 7. e4 b4 8. e5 bxc3 9. exf6 Qa5 10. bxc3 Qxc3+ 11. Bd2 Qxf6 12. Rc1 Qb6 13. Bc3 f6 14. Bc4 Ba6 15. Rb1 Qa7 16. Qe2 Bxc4 17. Qxc4 Bh6 18. 0-0 0-0 19. Rfe1 d6 20. Qe4 Rf7 21. Rb5 Qa3 22. Rb3 Qa6 23. a4 Nd7 24. a5 Bg7 25. Qa4 Ne5 26. Reb1 Nxf3+ 27. gxf3 f5 28. Rb6 Qd3 29. Qc6 Rff8 30. Bxg7 Kxg7 31. Re1 Rxa5 32. Rb7 Rf7 33. Rbxe7 Rxe7 34. Rxe7+ Kh6 35. Qxd6 Qxf3 36. Qe5 Ra2 0-1

[Event "FRA-ch op Senior"]
[Site "Agen"]
[Date "2016.??.??"]
[Round "6"]
[White "Gregory, Daniel"]
[Black "Boudre, Jean Pierre"]
[Result "1-0"]
[WhiteElo "2031"]
[BlackElo "2276"]
[PlyCount "93"]
[EventDate "2016.08.12"]
[EventType "swiss"]
[EventRounds "9"]
[EventCountry "FRA"]
[SourceTitle "EXT 2017"]
[Source "ChessBase"]
[SourceDate "2016.10.25"]
[SourceVersion "1"]
[SourceVersionDate "2016.10.25"]
[SourceQuality "1"]

1. Nf3 Nf6 2. c4 e6 3. g3 a6 4. Bg2 b5 5. d3 Bb7 6. 0-0 c5 7. b3 Be7 8. Nbd2 0-0 9. Bb2 d6 10. e3 Nbd7 11. Qe2 Re8 12. d4 Qb6 13. Rfc1 b4 14. e4 cxd4 15. Nxd4 Nc5 16. Re1 Nfd7 17. N4f3 Bf6 18. Bxf6 Nxf6 19. e5 dxe5 20. Nxe5 Bxg2 21. Kxg2 Red8 22. Ndf3 Nce4 23. Qe3 Qb7 24. Kg1 h6 25. Rad1 Qc7 26. Rd3 Rxd3 27. Nxd3 a5 28. Qf4 Qb7 29. Nd2 Ng5 30. Kf1 Rd8 31. Re3 Nh3 32. Qf3 Qxf3 33. Nxf3 Ng4 34. Ke2 Nxe3 35. Kxe3 Ng5 36. Nfe5 Kf8 37. f4 Nh7 38. Nc6 Ra8 39. Kd4 Nf6 40. Kc5 Ne4+ 41. Kb6 Nc3 42. Ncxb4 axb4 43. c5 Nxa2 44. c6 Rd8 45. Nxb4 Nc3 46. c7 Ke7 47. Nc6+ 1-0

[Event "FRA-chT4 0809"]
[Site "France "]
[Date "2009.01.18"]
[Round "4.1"]
[White "Arlabosse, Nicolas"]
[Black "Gregory, Daniel"]
[Result "0-1"]
[WhiteElo "1925"]
[BlackElo "2062"]
[PlyCount "42"]
[EventDate "2008.10.??"]
[EventType "team-tourn"]
[EventRounds "9"]
[EventCountry "FRA"]
[SourceTitle "EXT 2010"]
[Source "ChessBase"]
[SourceDate "2010.11.25"]
[SourceVersion "1"]
[SourceVersionDate "2010.11.25"]
[SourceQuality "1"]

1. e4 c5 2. Nf3 d6 3. d4 cxd4 4. Nxd4 Nf6 5. Nc3 a6 6. Bc4 e6 7. Bb3 Nbd7 8. f4 Nc5 9. 0-0 Be7 10. f5 0-0 11. Qf3 Bd7 12. g4 d5 13. exd5 Nxb3 14. axb3 Bc5 15. Be3 e5 16. Nde2 Bxe3+ 17. Qxe3 Nxg4 18. Qg3 Nf6 19. Rad1 b5 20. Qe3 Ng4 21. Qc5 Qh4 0-1

[Event "Pic d'Anie op 2nd"]
[Site "Arette"]
[Date "2005.08.08"]
[Round "1.10"]
[White "Gregory, Daniel"]
[Black "Pinault, Mailys"]
[Result "1-0"]
[WhiteElo "2060"]
[BlackElo "1540"]
[PlyCount "57"]
[EventDate "2005.08.08"]
[EventType "swiss"]
[EventRounds "7"]
[EventCountry "FRA"]
[SourceTitle "EXT 2007"]
[Source "ChessBase"]
[SourceDate "2006.11.23"]
[SourceVersion "1"]
[SourceVersionDate "2006.11.23"]
[SourceQuality "1"]

1. Nf3 d5 2. g3 Nf6 3. Bg2 Bf5 4. c4 dxc4 5. Qa4+ Nc6 6. Ne5 Bc2 7. Bxc6+ bxc6 8. Qxc2 Qd5 9. Nf3 e5 10. Nc3 Qe6 11. 0-0 Bc5 12. Ne4 Bb6 13. Nxf6+ Qxf6 14. Qxc4 0-0 15. d3 Rfe8 16. Bg5 Qg6 17. Be3 Rad8 18. Bxb6 cxb6 19. Rac1 e4 20. Nh4 Qh5 21. dxe4 Qe5 22. Qxc6 Qxb2 23. Rc2 Qe5 24. f3 Qd4+ 25. Kg2 Qe5 26. Nf5 Qa5 27. Rfc1 Qa6 28. Qc3 f6 29. Qc7 1-0

[Event "Calvi Balagne op 01st"]
[Site "Calvi"]
[Date "2004.??.??"]
[Round "5"]
[White "Gregory, Daniel"]
[Black "Vasilev, Milen"]
[Result "0-1"]
[WhiteElo "2036"]
[BlackElo "2424"]
[PlyCount "130"]
[EventDate "2004.02.21"]
[EventType "swiss"]
[EventRounds "9"]
[EventCountry "FRA"]
[SourceTitle "CBM 098 Extra"]
[Source "ChessBase"]
[SourceDate "2004.03.10"]
[SourceVersion "2"]
[SourceVersionDate "2004.03.10"]
[SourceQuality "1"]

1. e4 c5 2. Nf3 d6 3. d4 cxd4 4. Nxd4 Nf6 5. f3 g6 6. c4 Bg7 7. Nc3 0-0 8. Be2 Nc6 9. Be3 Bd7 10. Qd2 Qa5 11. 0-0 Rfc8 12. Rfd1 Rab8 13. Rac1 a6 14. a3 Ne5 15. c5 dxc5 16. Nb3 Qd8 17. Nxc5 Bc6 18. Bd4 Qc7 19. Qe3 Neg4 20. fxg4 e5 21. Ne6 exd4 22. Nxd4 Re8 23. g5 Nd7 24. Nd5 Qe5 25. Nxc6 bxc6 26. Rxc6 Qxb2 27. Nb4 Nf8 28. Rc2 Qe5 29. Nxa6 Rbd8 30. Rcd2 Rxd2 31. Rxd2 Ne6 32. Rd5 Qa1+ 33. Rd1 Qxd1+ 34. Bxd1 Bd4 35. Kf2 Bxe3+ 36. Kxe3 Nxg5 37. Bc2 f5 38. Nc7 Rc8 39. Bb3+ Kh8 40. Nb5 Nxe4 41. g4 Nd6 42. Nxd6 Rc3+ 43. Kf4 Rxb3 44. gxf5 gxf5 45. h4 Rxa3 46. Nxf5 Kg8 47. Kg5 Ra5 48. Kf6 Ra6+ 49. Kg5 Rg6+ 50. Kf4 Kf7 51. Ng3 Rg8 52. Nf5 Rg1 53. Ng3 Kg6 54. Kf3 Ra1 55. Kg4 Ra4+ 56. Kh3 Kf6 57. Nh5+ Kf5 58. Ng3+ Kf4 59. Nh5+ Kf3 60. Nf6 Ra1 61. Kh2 h6 62. Ng8 Ra6 63. Kh3 Re6 64. h5 Kf4 65. Kh4 Kf5 0-1

[Event "Calvi Balagne op 01st"]
[Site "Calvi"]
[Date "2004.??.??"]
[Round "2"]
[White "Koziak, Vitali"]
[Black "Gregory, Daniel"]
[Result "1-0"]
[WhiteElo "2448"]
[BlackElo "2036"]
[PlyCount "119"]
[EventDate "2004.02.21"]
[EventType "swiss"]
[EventRounds "9"]
[EventCountry "FRA"]
[SourceTitle "CBM 098 Extra"]
[Source "ChessBase"]
[SourceDate "2004.03.10"]
[SourceVersion "2"]
[SourceVersionDate "2004.03.10"]
[SourceQuality "1"]

1. e4 c5 2. c3 d5 3. exd5 Qxd5 4. d4 Nf6 5. Nf3 Bg4 6. Be2 e6 7. 0-0 Nc6 8. h3 Bh5 9. Be3 cxd4 10. cxd4 Bd6 11. Nc3 Qa5 12. a3 Nd5 13. Ne4 Qd8 14. Rc1 0-0 15. Nc5 Qe7 16. Qb3 Rab8 17. Rfe1 Rfc8 18. Qd3 Rc7 19. b4 Rbc8 20. Bg5 Qf8 21. Bd2 Nce7 22. Ne5 Bxe2 23. Qxe2 Nf5 24. Qd3 b6 25. Ne4 Rxc1 26. Bxc1 Be7 27. Bd2 Rc7 28. Ng3 Nd6 29. Nh5 Qc8 30. Qf3 Bf8 31. Nf4 Nxf4 32. Bxf4 Rc3 33. Re3 Rc1+ 34. Kh2 Qb7 35. Qxb7 Nxb7 36. Rd3 Rc2 37. d5 f6 38. Nc6 e5 39. Be3 a5 40. Bxb6 axb4 41. axb4 Bd6 42. g3 Ra2 43. Kg2 Kf7 44. Na5 Nxa5 45. bxa5 Ke7 46. Rc3 Kd7 47. g4 g6 48. Rc4 Ra1 49. Kf3 Ra3+ 50. Ke2 f5 51. gxf5 gxf5 52. Rh4 Ra2+ 53. Kf1 Bf8 54. Rxh7+ Kd6 55. Rf7 Be7 56. Rxf5 Kxd5 57. f4 Ke4 58. Rxe5+ Kf3 59. Rxe7 Ra1+ 60. Re1 1-0

[Event "Cap d'Agde Cavalier op"]
[Site "Cap d'Agde"]
[Date "2003.10.30"]
[Round "8"]
[White "Gregory, Daniel"]
[Black "Pieroni, Guillaume"]
[Result "0-1"]
[WhiteElo "2046"]
[BlackElo "2082"]
[PlyCount "90"]
[EventDate "2003.10.??"]
[EventType "swiss"]
[EventRounds "9"]
[EventCountry "FRA"]
[SourceTitle "EXT 2005"]
[Source "ChessBase"]
[SourceDate "2004.11.15"]
[SourceVersion "1"]
[SourceVersionDate "2004.11.15"]
[SourceQuality "1"]

1. e4 e6 2. d3 d5 3. Nd2 Nf6 4. Ngf3 c5 5. g3 Nc6 6. Bg2 b6 7. 0-0 Be7 8. Re1 a5 9. h4 Ba6 10. e5 Nd7 11. Nf1 b5 12. N1h2 b4 13. a3 bxa3 14. bxa3 Qc7 15. Bf4 Nb6 16. h5 h6 17. Ng4 Kd7 18. Ne3 Rab8 19. Bh3 Kd8 20. Nf1 Kc8 21. N1d2 c4 22. dxc4 Bxc4 23. Nxc4 Nxc4 24. Qxd5 Nxa3 25. Qe4 Nb5 26. c4 Nba7 27. Red1 Bc5 28. Rd5 Nb4 29. Rd2 Rd8 30. Rad1 Rxd2 31. Rxd2 Qc6 32. Qe2 Qb6 33. Bg2 Nac6 34. Qe4 Kc7 35. Qh7 Nd8 36. Qb1 a4 37. Qd1 a3 38. Qa4 Nbc6 39. Bf1 Qb3 40. Qxb3 Rxb3 41. Kg2 Nb4 42. Be3 Bxe3 43. fxe3 a2 44. Nd4 a1Q 45. Nxb3 Qc3 0-1

[Event "St Chely d'Aubrac op 1st"]
[Site "St Chely d'Aubrac"]
[Date "2001.08.29"]
[Round "6"]
[White "Olivier, Pierre"]
[Black "Gregory, Daniel"]
[Result "1/2-1/2"]
[WhiteElo "2226"]
[BlackElo "2153"]
[PlyCount "74"]
[EventDate "2001.08.26"]
[EventType "swiss"]
[EventRounds "9"]
[EventCountry "FRA"]
[SourceTitle "EXT 2002"]
[Source "ChessBase"]
[SourceDate "2001.11.25"]
[SourceVersion "1"]
[SourceVersionDate "2001.11.25"]
[SourceQuality "1"]

1. d4 Nf6 2. Nf3 g6 3. c4 c5 4. Nc3 cxd4 5. Nxd4 Nc6 6. e4 d6 7. Be2 Bg7 8. Be3 0-0 9. 0-0 Bd7 10. Qd2 Ng4 11. Bxg4 Bxg4 12. Kh1 Qa5 13. f3 Bd7 14. Rac1 Rac8 15. Rfd1 Nxd4 16. Bxd4 Rxc4 17. Bxg7 Kxg7 18. e5 Qxe5 19. Re1 Qd4 20. Qxd4+ Rxd4 21. Rxe7 Bc6 22. Kg1 Rd2 23. Re2 Rxe2 24. Nxe2 Re8 25. Kf2 Re5 26. Nd4 Re8 27. Rc3 Bd5 28. Nb5 a6 29. Nc7 Re5 30. a3 Bc6 31. Nxa6 Bxf3 32. Kxf3 bxa6 33. Rc6 Rb5 34. Rxd6 Rxb2 35. Rxa6 f5 36. h3 Kh6 37. Ra7 Kg5 1/2-1/2

[Event "Saint Affrique op 09th"]
[Site "Saint Affrique"]
[Date "2001.07.23"]
[Round "3.9"]
[White "Vajda, Albert"]
[Black "Gregory, Daniel"]
[Result "1-0"]
[WhiteElo "2405"]
[BlackElo "2153"]
[PlyCount "71"]
[EventDate "2001.07.??"]
[EventType "swiss"]
[EventRounds "9"]
[EventCountry "FRA"]
[SourceTitle "EXT 2003"]
[Source "ChessBase"]
[SourceDate "2002.11.25"]
[SourceVersion "1"]
[SourceVersionDate "2002.11.25"]
[SourceQuality "1"]

1. e4 c5 2. Nf3 d6 3. d4 cxd4 4. Nxd4 Nf6 5. Nc3 a6 6. f3 e6 7. Be3 b5 8. g4 Bb7 9. g5 Nfd7 10. Qd2 Nb6 11. a4 Nc4 12. Bxc4 bxc4 13. h4 Nd7 14. h5 Ne5 15. Qg2 Qa5 16. Kf2 Be7 17. g6 Bf6 18. Nce2 Nd7 19. Rad1 d5 20. gxf7+ Kxf7 21. exd5 Bxd5 22. Nc3 Bb7 23. Ndb5 Bc6 24. Nd6+ Ke7 25. Nxc4 Qf5 26. Nd6 Qxc2+ 27. Rd2 Qb3 28. Rhd1 Qb4 29. Nde4 Bh4+ 30. Kg1 Ke8 31. Nd6+ Kf8 32. Rd4 Qb3 33. Rxh4 Rg8 34. Rf4+ Nf6 35. Bc5 Bd5 36. Rb4 1-0